Analysis of the effect of wind power plants on the out-of-step protection operation; AIP Conference Proceedings; Vol. 2135 : Heat and mass transfer in the thermal control system of technical and technological energy equipment (HMTTSC 2019)
| Parent link: | AIP Conference Proceedings Vol. 2135 : Heat and mass transfer in the thermal control system of technical and technological energy equipment (HMTTSC 2019).— 2019.— [020001, 3 p.] |
|---|---|
| Hlavní autor: | |
| Korporativní autor: | |
| Další autoři: | , |
| Shrnutí: | Title screen It is known that wind power plants affect the operation of the power system. The effect is the stronger, the greater the degree of implementation of the wind power plants. Meanwhile, the influence of wind power plants on the work of out-of-step protection is little studied. This article is aimed at a preliminary analysis of this problem. In addition, the paper presents the results of preliminary tests of the developed out-of-step protection models. |
| Jazyk: | angličtina |
| Vydáno: |
2019
|
| Témata: | |
| On-line přístup: | http://earchive.tpu.ru/handle/11683/57315 https://doi.org/10.1063/1.5120693 |
| Médium: | Elektronický zdroj Kapitola |
| KOHA link: | https://koha.lib.tpu.ru/cgi-bin/koha/opac-detail.pl?biblionumber=660661 |
MARC
| LEADER | 00000nla2a2200000 4500 | ||
|---|---|---|---|
| 001 | 660661 | ||
| 005 | 20240201130957.0 | ||
| 035 | |a (RuTPU)RU\TPU\network\30493 | ||
| 090 | |a 660661 | ||
| 100 | |a 20190923a2019 k y0engy50 ba | ||
| 101 | 0 | |a eng | |
| 105 | |a y z 100zy | ||
| 135 | |a drcn ---uucaa | ||
| 181 | 0 | |a i | |
| 182 | 0 | |a b | |
| 200 | 1 | |a Analysis of the effect of wind power plants on the out-of-step protection operation |f A. A. Suvorov, I. A. Razzhivin, V. M. Rostovtseva | |
| 203 | |a Text |c electronic | ||
| 300 | |a Title screen | ||
| 320 | |a [References: 10 tit.] | ||
| 330 | |a It is known that wind power plants affect the operation of the power system. The effect is the stronger, the greater the degree of implementation of the wind power plants. Meanwhile, the influence of wind power plants on the work of out-of-step protection is little studied. This article is aimed at a preliminary analysis of this problem. In addition, the paper presents the results of preliminary tests of the developed out-of-step protection models. | ||
| 461 | 0 | |0 (RuTPU)RU\TPU\network\4816 |t AIP Conference Proceedings | |
| 463 | 0 | |0 (RuTPU)RU\TPU\network\30472 |t Vol. 2135 : Heat and mass transfer in the thermal control system of technical and technological energy equipment (HMTTSC 2019) |o International Youth Scientific Conference, April 23-25, 2019, Tomsk, Russia |f National Research Tomsk Polytechnic University (TPU) ; eds. G. V. Kuznetsov, D. V. Feoktistov, E. G. Orlova |v [020001, 3 p.] |d 2019 | |
| 610 | 1 | |a электронный ресурс | |
| 610 | 1 | |a труды учёных ТПУ | |
| 610 | 1 | |a ветряные энергосберегающие электростанции | |
| 610 | 1 | |a защита | |
| 700 | 1 | |a Suvorov |b A. A. |c specialist in the field of electric power engineering |c Associate Professor of Tomsk Polytechnic University, Candidate of Technical Sciences |f 1990- |g Aleksey Aleksandrovich |3 (RuTPU)RU\TPU\pers\35638 |9 18807 | |
| 701 | 1 | |a Razzhivin |b I. A. |c Specialist in the field of electric power engineering |c Associate Professor of Tomsk Polytechnic University, Candidate of Technical Sciences |f 1989- |g Igor Andreevich |3 (RuTPU)RU\TPU\pers\37858 |9 20549 | |
| 701 | 1 | |a Rostovtseva |b V. M. |c linguist |c Associate Professor of Tomsk Polytechnic University, Candidate of pedagogical sciences |f 1956- |g Veronika Mikhailovna |3 (RuTPU)RU\TPU\pers\34133 |9 17673 | |
| 712 | 0 | 2 | |a Национальный исследовательский Томский политехнический университет |b Инженерная школа энергетики |b Отделение электроэнергетики и электротехники (ОЭЭ) |3 (RuTPU)RU\TPU\col\23505 |
| 801 | 2 | |a RU |b 63413507 |c 20200113 |g RCR | |
| 856 | 4 | |u http://earchive.tpu.ru/handle/11683/57315 | |
| 856 | 4 | |u https://doi.org/10.1063/1.5120693 | |
| 942 | |c CF | ||